00977nam a2200205 a 450000100100000000500170001000800410002704000250006808200130009324500570010626000460016330000210020950000380023070000330026895201170030195201120041895201120053095201120064299900170075400003694420200930080034.0120207s1980 xxu 000 0 spa d aDO-SdBNPbspacBNPHU axxxbxxx00aThe pleasures of sociology /cedited Lewis A. Coser. aNew York :bNew Amrecican Library,c1980. a515 p. ;c19 cm. aIncluye notas al pie de páginas1 aCoser, Lewis A.,ded.963343 001054708MOaGRbGRcHDd2012-02-07iLF1l0oxxx xxxp36944-10r2020-06-25w2020-06-25y4ZPréstamo en sala 0010507-18MOaGRbGRcOId2012-02-07iLF1l0oxxx xxxp36945-10r2020-06-25w2020-06-25y1ZNo se presta 0010507-18MOaGRbGRcOId2012-02-07iLF1l0oxxx xxxp36946-10r2020-06-25w2020-06-25y1ZNo se presta 0010507-18MOaGRbGRcOId2012-02-07iLF1l0oxxx xxxp36947-10r2020-06-25w2020-06-25y1ZNo se presta c36434d36434